[Event "Santander UDI Cup"]
[Site "Santander"]
[Date "2013.05.31"]
[Round "1"]
[White "Dabraccio, Guillermo"]
[Black "Perez, Jhon Alexander"]
[Result "1-0"]
[WhiteElo "1744"]
[BlackElo "1428"]
[PlyCount "41"]
[EventDate "2013.05.31"]
[EventType "swiss"]
[EventRounds "8"]
[EventCountry "COL"]
[SourceTitle "CBM 154 Extra"]
[Source "ChessBase"]
[SourceDate "2013.06.25"]
[SourceVersion "2"]
[SourceVersionDate "2013.06.25"]
[SourceQuality "1"]

1. d4 Nf6 2. Nf3 d5 3. Bf4 Nc6 4. e3 g6 5. Nbd2 Bg7 6. Be2 Bf5 7. c4 0-0 8. h3 Ne4 9. 0-0 Nxd2 10. Qxd2 e6 11. Rac1 f6 12. cxd5 exd5 13. b4 g5 14. Bh2 g4 15. hxg4 Bxg4 16. b5 Ne7 17. Rxc7 Nf5 18. Rfc1 Bxf3 19. Bxf3 Qe8 20. Bxd5+ Kh8 21. Rxb7 1-0

[Event "Santander UDI Cup"]
[Site "Santander"]
[Date "2013.05.31"]
[Round "2"]
[White "Perez, Jhon Alexander"]
[Black "Albernia, Luis Carlos"]
[Result "0-1"]
[WhiteElo "1428"]
[BlackElo "1634"]
[PlyCount "74"]
[EventDate "2013.05.31"]
[EventType "swiss"]
[EventRounds "8"]
[EventCountry "COL"]
[SourceTitle "CBM 154 Extra"]
[Source "ChessBase"]
[SourceDate "2013.06.25"]
[SourceVersion "2"]
[SourceVersionDate "2013.06.25"]
[SourceQuality "1"]

1. e4 e6 2. Nc3 d5 3. e5 c5 4. d4 Nc6 5. Nf3 cxd4 6. Nxd4 Nxe5 7. f4 Nc6 8. b4 Bxb4 9. Nde2 d4 10. a3 Bxc3+ 11. Nxc3 dxc3 12. Qxd8+ Nxd8 13. Bc4 Bd7 14. 0-0 Rc8 15. Bd3 Nf6 16. f5 0-0 17. fxe6 Nxe6 18. Be3 b6 19. Ba6 Rc7 20. Bf4 Nxf4 21. Rxf4 Rc5 22. Bd3 Bb5 23. Rf3 Bc6 24. Rf5 Rxf5 25. Bxf5 Be4 26. Bh3 Rd8 27. g4 h6 28. Ra2 Rd2 29. a4 Bxc2 30. a5 Bb3 31. Ra3 c2 32. Rxb3 c1Q+ 33. Bf1 Rd1 34. axb6 Rxf1+ 35. Kg2 Rg1+ 36. Kf3 Qd1+ 37. Kf2 Nxg4# 0-1